| 000 | 01133 a2200217 4500 | ||
|---|---|---|---|
| 003 | Nust | ||
| 005 | 20221006125228.0 | ||
| 010 | _a 97068154 | ||
| 020 | _a8120313429 | ||
| 035 | _a(OCoLC)37558929 | ||
| 040 | _cNust | ||
| 082 | 0 | 0 | _a005.43,ACK |
| 100 |
_aAcklen, LAura _998211 |
||
| 245 | 0 | 0 |
_aMicrosoft Office 97 professional essentials / _cLaura Acklen ... [et al.]. |
| 260 |
_aIndianapolis, IN : _bQue E&T, _cc1998. |
||
| 300 |
_a1 v. (various pagings) : _bcol. ill. ; _c28 cm. + _e2 computer disks (3 1/2 in.) |
||
| 505 | _aProject:1 Getting Started With MS Office Professional (Page-INT-1), Project:2 working With Word Documents (Page-WD-1), Project:3 Editing Word Documents (Page-WD-27),Project:4 Formatting Word Documents (Page-WD-55), Project:5 Using Tables and Graphics in Word (Page-WD-85), Poject:6 Building a Spreadsheet (Page-XL-1), Project:7 Creating Formulas (Page –XL-27), Project:8 Calculating With Functions (Page- XL-49), Project :9 Improving the Appearance of a Network sheet(Page-XL-79) | ||
| 650 | 0 |
_aIntegrated software. _994386 |
|
| 700 | 1 |
_aAcklen, Laura. _998211 |
|
| 942 |
_2ddc _cBK _k005.43,ACK |
||
| 999 |
_c180514 _d180514 |
||